| 000 | 00857nam a2200289 i 4500 | ||
|---|---|---|---|
| 001 | 000010945 | ||
| 003 | DO-SdBNP | ||
| 005 | 20251117083538.0 | ||
| 007 | ta | ||
| 008 | 091013s1986 dr 001 0 spa d | ||
| 040 |
_aDO-SdBNP _bspa _cBNPHU _erda |
||
| 041 | _aspa | ||
| 082 | 4 |
_aRD861.44 _bS487p _222 |
|
| 100 | 1 |
_aSerrata, Médar, _d1964- _eautor _4aut. _920623 |
|
| 245 | 1 | 4 |
_aLas piedras del ábaco / _cMédar Serrata. |
| 264 | 1 |
_aSanto Domingo : _bFotomecánica, _c1986. |
|
| 300 |
_a93 páginas : _c21 cm. |
||
| 336 |
_atexto _btxt _2rdacontent |
||
| 337 |
_asin mediación _bn _2rdamedia |
||
| 338 |
_avolumen _bnc _2rdacarrier |
||
| 490 | 0 | _aEgro de poesía | |
| 590 | _aInventariado, 2023/MFF | ||
| 650 | 4 |
_aPoesía dominicana _966 |
|
| 650 | 4 |
_aLiteratura dominicana. _967 |
|
| 910 | _aValidado . Control de calidad MFF | ||
| 942 |
_2ddc _cLBS1 |
||
| 999 |
_c10683 _d10683 |
||